00723cam a22002051 4500001001300000003000400013005001700017008004100034010001700075025002000092035002000112040002100132042001200153050001600165245017000181260002000351300001800371651004400389711008400433sa 68020588 DLC20260227112725.0930217s1966 io 100 0 ind  asa 68020588  aPL480:Indo-5764 a(OCoLC)27458648 aDLCcCUdCUdDLC apremarc00aHC447b.G3700aGaris-garis besar kebidjaksanaan dan rentjana-pelaksanaan stabilisasi ekonomic[hasil Seminar AD ke-II, tanggal 25 s/d 31 Agustus 1966, di Grha Wiyata Yudha/Seskoad. aBandung,c1966] a84 l.c33 cm. 0aIndonesiaxEconomic policyvCongresses.2 aSeminar Angkatan Daratn(2d :d1966 :cSekolah Staf dan Komando Angkatan Darat)